Movies Quiz

Random Movies or Oscar Quiz
Score 0/192 Timer 08:00
2 Plays Today
Best Picture % Correct
Goodbye
100%
Mr.
100%
A
100%
A
100%
The
100%
And
100%
And
100%
Way
100%
1957
100%
1939
100%
Garson
100%
My
100%
Crosby
100%
1944
100%
All
100%
On
100%
My
100%
All
100%
On
100%
My
100%
Good
100%
Of
100%
Day
100%
vs.
100%
Of
100%
Of
100%
Of
100%
With
100%
In
100%
In
100%
Miss
100%
Men
100%
Story
100%
Pieces
100%
Wait
100%
Daughter
100%
Pond
100%
Daisy
100%
Love
100%
Mind
100%
Baby
100%
Marlon
100%
Henry
100%
Peter
100%
Faye
100%
Jack
100%
Al
100%
Roy
100%
Ben
100%
Katharine
100%
Robert
100%
Kevin
100%
Daniel
100%
Emma
100%
Matt
100%
Tom
100%
Steve
100%
Davis
100%
Wood
100%
Hepburn
100%
McDowell
100%
Beatty
100%
Streep
100%
Spacek
100%
Best Picture % Correct
MacLaine
100%
Tandy
100%
Costner
100%
Paltrow
100%
Crowe
100%
Swank
100%
1950
100%
1954
100%
1961
100%
1962
100%
1964
100%
1967
100%
1970
100%
1971
100%
1975
100%
1978
100%
1979
100%
1979
100%
1980
100%
1981
100%
1983
100%
1985
100%
1989
100%
1989
100%
1989
100%
1990
100%
1995
100%
1997
100%
1998
100%
1998
100%
2001
100%
2003
100%
2004
100%
2006
100%
1981
100%
Ryan
99.8%
Murray
99.8%
Out
99.6%
Kevin
87.1%
Meryl
87%
Russell
86.9%
Million
86.1%
Dollar
86%
Hilary
86%
Beautiful
85.6%
Miss
85.2%
Driving
85.2%
Damon
84.7%
Brando
84.2%
Will
84%
Hunting
83.9%
Hanks
83.6%
Saving
83.5%
Private
83.5%
Audrey
81.7%
Kramer
81.1%
Kramer
81.1%
Shakespeare
80.6%
Bing
79.9%
Wolves
78%
Bill
78%
Warren
77.6%
Dances
77.4%
Gwyneth
76.6%
Best Picture % Correct
Hepburn
76.5%
Sissy
76.3%
Of
75.4%
Shirley
75.3%
Waterfront
74.3%
Dunaway
72.4%
Golden
70.3%
Fonda
69.7%
Jessica
69.4%
Day-Lewis
69.1%
Pacino
68.7%
Africa
68.5%
Nicholson
67.7%
Little
67.5%
Sunshine
67.2%
Bette
64.5%
Lost
64.1%
Translation
63.9%
West
63%
Side
62.8%
Carell
62.7%
Left
61.9%
Foot
61.9%
Redford
61.8%
Costner
60.4%
Natalie
60.3%
Dog
60.1%
Afternoon
59.8%
Can
59.8%
Thompson
59.5%
Coal
58.8%
Miner's
58.7%
Fair
58.4%
Lady
58.4%
Heaven
57.8%
12
54.2%
Angry
54%
Going
53.9%
Chips
53.8%
Easy
52.6%
Five
51.9%
About
49.6%
Eve
49.3%
Bonnie
47.9%
Clyde
47.9%
O'Toole
45.2%
Terms
44.8%
Sense
44.7%
Endearment
44.7%
Sensibility
44%
Malcolm
42.4%
Orange
42.4%
Clockwork
42.4%
Lawrence
41.4%
Arabia
41.4%
Greer
41.2%
Field
38.9%
Dreams
38.8%
Scheider
36%
That
26.9%
Jazz
26.7%
Fire
20%
Chariots
19.8%
Cross
8.9%

You're not logged in!

Compare scores with friends on all Sporcle quizzes.
OR
Log In

Sporcle TV

Today on Sporcle TV


Watch our educational content, quiz creation guides, and fun videos on Sporcle TV.

Show Comments

Extras

Top Quizzes Today


Score Distribution

Paid Content

Your Account Isn't Verified!

In order to create a playlist on Sporcle, you need to verify the email address you used during registration. Go to your Sporcle Settings to finish the process.

Report this User

Report this user for behavior that violates our Community Guidelines.

Details: